| 000 | 00509nam a22001577a 4500 | ||
|---|---|---|---|
| 003 | OSt | ||
| 005 | 20151208105305.0 | ||
| 008 | 151208b xxu||||| |||| 00| 0 eng d | ||
| 040 | _cRUA | ||
| 082 | _aATM CHA 2004 B193 Or.1 | ||
| 100 |
_94523 _aCHAN, SARETH. |
||
| 245 | _arubber growing technique in snuol district (បច្ចេកទេសដាំដុះដោះស៊ូនៅស្រុកស្នួល) | ||
| 260 |
_aPhnom Penh _bRUA _c2006 |
||
| 300 |
_avii, 49p. _bill. _c29cm. |
||
| 942 |
_2ddc _cATM |
||
| 999 |
_c4214 _d4214 |
||